MARC

LEADER 00000nam a22000007a 4500
001 28587
003 AGDB
005 20260324181526.0
008 240916b spa||||| |||| 00| 0 cat d
017 |a B 3060-2024 
040 |a agdb  |b cat 
100 |a Martínez Oró, David Pere,  |d 1981-  |9 71600  |e textos 
245 |a Guia pràctica d'avaluació dels plans locals de prevenció d'addiccions 
250 |a 1a edició:   |b febrer de 2024 
260 |a Barcelona :   |b Diputació de Barcelona ;   |c 2024 
300 |a 83 pàgines ;   |b taules, gràfics ;   |c 30 cm 
490 |a Eines 
490 |a Sèrie Benestar i Ciutadania ;   |v 34 
650 0 |a Drogoaddicció  |x Prevenció  |x Avaluació   |2 Arxiu  |9 43963 
650 0 |a Drogoaddicció  |x Prevenció  |v Manuals, guies, etc.  |9 43468 
650 0 |a Drogoaddicció  |x Prevenció  |v Assistència institucional  |9 71598 
650 0 |a Avaluació en programes socials  |9 71599 
710 |a Barcelona (Catalunya : Província).  |b Àrea de Sostenibilitat Social, Cicle de Vida i Comunitat  |9 70555  |e direcció i coord. tècnica 
856 |u https://llibreria.diba.cat/cat/llibre/guia-practica-d-avaluacio-dels-plans-locals-de-prevencio-d-addiccions_69769  |y Accés lliure (Llibreria de la Diputació de Barcelona) 
942 |2 udc  |c ARXIU  |n 1 
952 |0 0  |1 0  |2 udc  |4 0  |6 BIB1207  |7 1  |9 97393  |a Arxiu  |b Arxiu  |d 2024-09-16  |l 0  |o Bib-1207  |p 28587  |r 2024-09-16 00:00:00  |w 2024-09-16  |y ARXIU 
999 |c 129270  |d 129270